Statistics for Planets and Dwarf Planets in our Solar System

Click here to take the quiz!

General Stats

  • This quiz has been taken 37 times
  • The average score is 12 of 13

Answer Stats

Answer% Correct
Earth
100%
Jupiter
100%
Mars
100%
Mercury
100%
Neptune
100%
Pluto
100%
Saturn
100%
Venus
100%
Uranus
97%
Ceres
79%
Eris
76%
Makemake
66%
Haumea
62%

Score Distribution

Percentile by Number Answered

Percent of People with Each Score

Your Score History

You have not taken this quiz